LEADER 05216nam 2200889Ia 450 001 9910791651303321 005 20230725015957.0 010 $a0-8147-9092-5 010 $a0-8147-7306-0 024 7 $a10.18574/9780814790922 035 $a(CKB)2560000000054820 035 $a(EBL)866115 035 $a(OCoLC)779828422 035 $a(SSID)ssj0000467304 035 $a(PQKBManifestationID)11302620 035 $a(PQKBTitleCode)TC0000467304 035 $a(PQKBWorkID)10484773 035 $a(PQKB)11722343 035 $a(MiAaPQ)EBC866115 035 $a(OCoLC)697182006 035 $a(MdBmJHUP)muse4919 035 $a(DE-B1597)546992 035 $a(DE-B1597)9780814790922 035 $a(Au-PeEL)EBL866115 035 $a(CaPaEBR)ebr10437862 035 $a(EXLCZ)992560000000054820 100 $a20091209d2010 uy 0 101 0 $aeng 135 $aur|n|---||||| 181 $ctxt 182 $cc 183 $acr 200 00$aBlack Los Angeles$b[electronic resource] $eAmerican dreams and racial realities /$fedited by Darnell Hunt and Ana-Christina Ramo?n 210 $aNew York $cNew York University Press$dc2010 215 $a1 online resource (448 p.) 300 $aDescription based upon print version of record. 311 $a0-8147-3735-8 311 $a0-8147-3734-X 320 $aIncludes bibliographical references and index. 327 $tFrontmatter -- $tContents -- $tAcknowledgments -- $tIntroduction -- $tChapter 1. Race, Space, and the Evolution of Black Los Angeles -- $tChapter 2. From Central Avenue to Leimert Park -- $tChapter 3. The Decline of a Black Community by the Sea -- $tChapter 4. ?Blowing Up? at Project Blowed -- $tChapter 5. Out of the Void -- $tChapter 6. Imprisoning the Family -- $tChapter 7. Black and Gay in L.A. -- $tChapter 8. Looking for the ?Hood and Finding Community -- $tChapter 9. Playing ?Ghetto? -- $tChapter 10. Before and After Watts -- $tChapter 11. SOLAR -- $tChapter 12. Killing ?Killer King? -- $tChapter 13. Bass to Bass -- $tChapter 14. Concerned Citizens -- $tChapter 15. A Common Project for a Just Society -- $tChapter 16. Reclaiming UCLA -- $tBibliography -- $tBibliography -- $tIndex 330 $aLos Angeles is well-known as a temperate paradise with expansive beaches and mountain vistas, a booming luxury housing market, and the home of glamorous Hollywood. During the first half of the twentieth century, Los Angeles was also seen as a mecca for both African Americans and a steady stream of migrants from around the country and the world, transforming Los Angeles into one of the world?s most diverse cities. The city has become a multicultural maze in which many now fear that the political clout of the region?s large black population has been lost. Nonetheless, the dream of a better life lives on for black Angelenos today, despite the harsh social and economic conditions many confront.Black Los Angeles is the culmination of a groundbreaking research project from the Ralph J. Bunche Center for African American Studies at UCLA that presents an in-depth analysis of the historical and contemporary contours of black life in Los Angeles. Based on innovative research, the original essays are multi-disciplinary in approach and comprehensive in scope, connecting the dots between the city?s racial past, present, and future. Through historical and contemporary anecdotes, oral histories, maps, photographs, illustrations, and demographic data, we see that Black Los Angeles is and has always been a space of profound contradictions. Just as Los Angeles has come to symbolize the complexities of the early twenty-first-century city, so too has Black Los Angeles come to embody the complex realities of race in so-called ?colorblind? times.Contributors: Melina Abdullah, Alex Alonso, Dionne Bennett, Joshua Bloom, Edna Bonacich, Scot Brown, Reginald Chapple, Lola Smallwood Cuevas, Andrew Deener, Regina Freer, Jooyoung Lee, Mignon R. Moore, Lanita Morris, Neva Pemberton, Steven C. Pitts, Carrie Petrucci, Gwendelyn Rivera, Paul Robinson, M. Belinda Tucker, Paul Von Blum, Mary Weaver, Sonya Winton, and Nancy Wang Yuen. 410 0$aDemocracy and urban landscapes.$5DDO 606 $aAfrican Americans$zCalifornia$zLos Angeles 607 $aLos Angeles (Calif.)$xRace relations 610 $aAfrican. 610 $aAmerican. 610 $aAngeles. 610 $aBunche. 610 $aCenter. 610 $aRalph. 610 $aStudies. 610 $aUCLA. 610 $aanalysis. 610 $ablack. 610 $acontemporary. 610 $acontours. 610 $aculmination. 610 $afrom. 610 $agroundbreaking. 610 $ahistorical. 610 $ain-depth. 610 $alife. 610 $apresents. 610 $aproject. 610 $aresearch. 610 $athat. 615 0$aAfrican Americans 676 $a305.896/073079494 701 $aHunt$b Darnell M$0276297 701 $aRamo?n$b Ana-Christina$01513528 801 0$bMiAaPQ 801 1$bMiAaPQ 801 2$bMiAaPQ 906 $aBOOK 912 $a9910791651303321 996 $aBlack Los Angeles$93748085 997 $aUNINA LEADER 02369oas 2200973 a 450 001 9910147204103321 005 20251106213014.0 011 $a1468-0394 035 $a(DE-599)ZDB2016958-9 035 $a(OCoLC)40337387 035 $a(CONSER) 2009233111 035 $a(CKB)954925499119 035 $a(EXLCZ)99954925499119 100 $a19981117a19849999 sy a 101 0 $aeng 135 $aurmnu|||||||| 181 $ctxt$2rdacontent 182 $cc$2rdamedia 183 $acr$2rdacarrier 200 10$aExpert systems 210 $a[Oxford] $cBlackwell Publishers 210 3 $aOxford $cWiley Publishing 300 $aRefereed/Peer-reviewed 311 08$a0266-4720 531 0 $aExpert syst. 606 $aExpert systems (Computer science)$vPeriodicals 606 $aSyste?mes experts (Informatique)$vPe?riodiques 606 $a54.72 artificial intelligence$2bcl 606 $aArtificial Intelligence$2ebps 606 $aExpert systems (Computer science)$2fast$3(OCoLC)fst00918516 606 $a54.72 artificial intelligence$2nbc 608 $aPeriodicals.$2fast 615 0$aExpert systems (Computer science) 615 6$aSyste?mes experts (Informatique) 615 7$a54.72 artificial intelligence. 615 7$aArtificial Intelligence. 615 7$aExpert systems (Computer science) 615 7$a54.72 artificial intelligence. 676 $a006.3/3 801 0$bF#A 801 1$bF#A 801 2$bOCL 801 2$bOCLCQ 801 2$bOCL 801 2$bOCLCS 801 2$bAU@ 801 2$bSYB 801 2$bTXJ 801 2$bGUA 801 2$bOCLCQ 801 2$bYUS 801 2$bOCLCQ 801 2$bOCLCO 801 2$bCOO 801 2$bOCLCO 801 2$bDLC 801 2$bOCLCF 801 2$bOCLCO 801 2$bOCLCQ 801 2$bWT2 801 2$bNLE 801 2$bOCLCQ 801 2$bEZC 801 2$bOCLCQ 801 2$bUKMGB 801 2$bOCLCQ 801 2$bVT2 801 2$bU3W 801 2$bNJT 801 2$bSFB 801 2$bOCLCQ 801 2$bCNMTR 801 2$bOCLCQ 801 2$bUKSSU 801 2$bUEJ 801 2$bSRU 801 2$bOCLCO 801 2$bOCLCQ 801 2$bOCLCL 801 2$bOCLCQ 906 $aJOURNAL 912 $a9910147204103321 996 $aExpert systems$9877979 997 $aUNINA